000 00387nam a2200157Ia 4500
008 230917s9999||||xx |||||||||||||| ||und||
040 _e116195
_aMAIN
041 _aEnglish
082 _a005.133 D368V3
100 _aDeitel, H.M.
245 0 _aNisul basic 6: how to program
250 _a1st Edition ed.
260 _aNew Delhi
_bPearson
_c2005
300 _aP-1015 p.
942 _cBK
999 _c129520
_d129520